| 000 | 01335nam2a22003371 4500 | ||
|---|---|---|---|
| 001 | v19\rc\1952387 | ||
| 005 | 20251118180925.2 | ||
| 035 | _a(NLR Aleph) 005037084 | ||
| 090 |
_a6753278 _c6753278 |
||
| 100 | _a20080428d1913 |||y0rusy50 ca | ||
| 101 | 0 | _arus | |
| 102 | _aRU | ||
| 105 | _aab z ||||| | ||
| 200 | 1 |
_aЗа период времени с июня по ноябрь месяц 1911 года _fПод ред. зав. сан. исследованиями для составления проекта канализации г. С.-Петербурга проф. Г.В. Хлопина |
|
| 210 | _d1913 | ||
| 215 |
_a52 с., 3 л. карт. _cил. |
||
| 320 | _aБиблиогр. в конце отд. статей | ||
| 461 | 0 |
_1001v19\rc\1952386 _12001#$aМатериалы по исследованию воды Невской губы в санитарном отношении$v2. А |
|
| 702 | 1 |
_aХлопин _bГ. В. _f1863-1929 _gГригорий Витальевич _4340 |
|
| 801 | 0 |
_aRU _bNLR _gpsbo |
|
| 801 | 0 |
_aRU _bRuMoRGB _2psbo |
|
| 801 | 1 |
_aRU _bProSoft-M _2rusmarc |
|
| 852 |
_aNLR _j37.54.1.258 |
||
| 899 | _aНБ СПбГУ | ||
| 899 | _aНБ МГУ | ||
| 899 |
_aRuMoRGB _jV 32/10 |
||
| 899 |
_aRuMoRGB _jS 67/66 |
||
| 899 |
_aRuMoRGB _jS 84/192 |
||
| 899 | _aБАН | ||
| 942 | _cBOOK | ||
| 980 | _aNB | ||